000 01014 a2200253 4500
020 _a8186270779
_c475.00
035 _aB-156761
037 _bRP-ZLS-2425 / PANSY-06-07:3 / RP-06-07:ENG
082 1 4 _a615.11
090 _c2623
_d2623
245 1 _aGATE pharmacy
_ban ideal book to succeed in competitive examinations with several thousand M.C.Qs and match the following type question with answers ..............other competitive examinations
_cby Mohammed Ali...(et al)
250 _a7th ed
260 _aDelhi
_bBirla Publications
_c2006
270 _a1/9185, Street No. 5, West Rohtas Nagar, Shahdara
_cDelhi
_e110032
_k22323254
_l22324544
300 _aVarious pagings
_c24 cm (pbk)
700 _aSiddiqui, Anees Ahmad
700 _aMir, Showkat R.
700 _aSiddiqui, A. Wadood
700 _aRafiullah, M.R.M.
700 _aOnkar Singh
700 _aBhatt, M. Shibeer
942 _adpl
_cEN
_k615 / GAT
999 _c2580
_d2580